01704nam a2200397 i 4500001000700000003000800007005001700015006001900032007001500051008004100066035002100107040003100128050002500159080001200184082001800196110005600214245025300270264004500523300004000568336003100608337003300639338004300672504002900715588012500744590016400869650003001033650002801063650001601091650001401107651004601121651001201167655002701179797001901206856006201225999001901287120467FlNmELB20241217175247.0m o d | cr cnu||||||||140901s2013 flu ob 000 0 spa d a(OCoLC)992040984 aFINmELBbspaerdacFINmELB 4aHN350.Z12bP429 2013 a323(85)0 a303.609882232 aPerú, Comisión de la verdad y reconciliación.10aComisión de la verdad y reconciliación.nanexo 2,p℗·cuántos peruanos murieron? :bestimación del total de víctimas causadas por el conflicto armado interno entre 1980 y el 2000 /cComisión de la verdad y reconciliación del Perú. 1aMiami :bEl Cid Editor / apuntes,c2013. a1 recurso en línea (55 páginas) atextobtxt2rdacontent/spa acomputadorabc2rdamedia/spa arecurso en líneabcr2rdacarrier/spa aContiene bibliografía. aDescripción basada en recurso en línea; Título de la página del título en PDF (e-libro, visto August 1, 2014). aRecurso electrónico. Santa Fe, Arg.: e-libro, 2015. Disponible vía World Wide Web. El acceso puede estar limitado para las bibliotecas afiliadas a e-libro. 0aPolitical violencezPeru. 0aSocial movementszPeru. 4aPolítica. 4aGobierno. 0aPeruxPolitics and governmenty1978-2003. 4aPerú. 4aLibros electrónicos.2 ae-libro, Corp.40uhttps://elibro.net/ereader/politecnicointernacional/30541 c120467d120467